000 00487 a2200157 4500
005 20241005150338.0
008 241004b |||||||| |||| 00| 0 eng d
020 _a8171309607
080 _a030.8=M=20 MAL
_bWAR/M R
100 _aWarrier,M. I.
245 _aMalayalam-English dictionary(മലയാളം- ഇംഗ്ലീഷ് നിഘണ്ടു)
260 _bD C Books
_aKottayam.
_c2019.
300 _a1304p.
653 _aDictionary - Malayalam - English
942 _cOO
999 _c112730
_d112729